000
00280nam a2200109Ia 4500
008
231106s2018 xx 000 0 und d
041
_a
eng
100
_a
GIOVANNI CIVARDI
245
_a
INDIAN BOTANICAL ART: AN ILLUSTRATED HISTORY
260
_b
SEARCH PRESS
_c
2018
300
_a
P-80
999
_c
920224
_d
920224